000 00603nam 22001933 4500
001 199697
090 _a199697
100 _a20251229d u||y0pory50 ba
200 _aEducação impossível
_fMaud Mannoni
_gCom contribuição de Simone Benhaïm, Robert Lefort ; tradução Pedro Tamen
205 _a
210 _aLisboa
_cMoraes Editores
_d1976
215 _a358 p.
_cencadernado
_d20 cm
225 _aPsicologia e Pedagogia
606 _91098
_aEducação
_xEnsino
675 _a37.01
_vPT
_zpor
700 _915495
_aMannoni
_bMaud
_f1923-1998
801 _aPT
_bBMMN
_gRPC
830 _cAna
_fAna
990 _cLIVROS